000 01255nam a2200313 i 4500
001 bg
100 1 _aRUDZIŃSKA, Zofia Barbara
245 1 0 _aTrwałość drobnoziarnistych kompozytów cementowych modyfikowanych włóknami mineralnymi /
_cZofia Barbara Rudzińska ; Uniwersytet Warmińsko-Mazurski w Olsztynie.
260 _aOlsztyn :
_bWydawnictwo UWM,
_c2003.
300 _a137 s. :
_bfot., wykr. ;
_c24 cm.
490 1 _aRozprawy i Monografie / Uniwersytet Warmińsko-Mazurski w Olsztynie / University of Warmia and Mazury in Olsztyn =
_aDissertations and Monographs,
_x1509-3018 ;
_v70
500 _aStreszcz. pol., ang.
504 _aBibliogr.
650 9 _aMateriały budowlane
_xbadanie
650 9 _aKompozyty
_xmateriały
650 9 _aKompozyty cementowe
_xmechanika
650 9 _aWytrzymałość materiałów
650 9 _aKorozja i erozja
_xbadanie
650 9 _aWłókna mineralne
_xstosowanie
650 9 _aOptymalizacja
_xstosowanie
_xtechnika
830 0 _aRozprawy i Monografie (Uniwersytet Warmińsko-Mazurski w Olsztynie) ;
_v70
020 _a8372992444
040 _cBPK
041 0 _apol
_beng
080 _a691:666.9:677.5:620.1
920 _a83-7299-244-4
942 _cKS
008 s pl f |000 0 pol
999 _c51876
_d51876
856 _uhttp://koha.tu.koszalin.pl/cgi-bin/koha/opac-detail.pl?biblionumber=51876
_yKatalog online BPK